Unit Linked Contracts
Salvato in:
| Autore principale: | |
|---|---|
| Altri autori: | |
| Natura: | Capitolo di libro |
| Lingua: | inglese |
| Tags: |
Nessun Tag, puoi essere il primo ad aggiungerne!!
|
MARC
| LEADER | 00000naa$a2200000$$$4500 | ||
|---|---|---|---|
| 001 | 0097107 | ||
| 005 | 20240502083243.4 | ||
| 041 | 0 | |a eng | |
| 044 | |a RS | ||
| 245 | 1 | 0 | |a Unit Linked Contracts |c František Peller, Katarína Sakálová |
| 100 | 1 | |a Peller, František | |
| 700 | 1 | |a Sakálová, Katarína, 1955- | |